000 00330nam a2200145Ia 4500
008 150201s2005 xx 000 0 und d
082 _a610.733
_bW05P
100 _aPATEL , MANSHUKH
245 _aWORD PROCEDURES
250 _a4TH
260 _bELSEVIER
_aINDIA
_c2005
300 _a434
650 _aNURSING
942 _2ddc
_cBK
_03
999 _c1862
_d1862